00723nam a2200241 a 4500001001300000003000900013005001700022008004100039020001000080082001500090100002300105245007900128260003500207300000900242500003500251505001000286650003700296700002300333902000800356942000700364952009500371999001500466nice12345678IN_TiNIC20260116012120.0050524s0000 newa grp 000 0 eng  ac10000a220.6bNEL aNelson, Lawrence E aOur Roving Bibleb Tracking Its Influence Through English & American Life. aNew YorkbAbingdon Pressc0000 a317p aincludes index and biblioraphy2 aIndex aBible-Criticism & Interpretation1 aNelson, Lawrence E bSRS cBK 00104070aHMIbHMId2007-06-15g100.00l0o220.6 NELp08550r2007-06-15w2026-01-16yEB c5701d5701